Normal view
MARC view
- العاب الأطفال- مرحلة الحبو
Entry Topical Term
001 - CONTROL NUMBER
- control field: 22385
003 - CONTROL NUMBER IDENTIFIER
- control field: JO-AjAnu
005 - DATE AND TIME OF LATEST TRANSACTION
- control field: 20230606073850.0
008 - FIXED-LENGTH DATA ELEMENTS
- fixed length control field: 230606|| aca||aabn | a|a d
040 ## - CATALOGING SOURCE
- Original cataloging agency: JO-AjAnu
- Transcribing agency: JO-AjAnu
150 ## - HEADING--TOPICAL TERM
- Topical term or geographic name entry element: العاب الأطفال- مرحلة الحبو
670 ## - SOURCE DATA FOUND
- Source citation: Work cat.: (JO-AjAnu)11504: تاليف Silerg,Jackie؛ ترجمة سليمان، محمد طالب السيد, author 22384, ألعاب الأطفال في مرحلة الحبو